000 00312nam a2200133Ia 4500
005 20260328104319.0
008 260328s9999||||xx |||||||||||||| ||und||
100 _aKrier, Rob
245 0 _aEl Espacio Urbano /
_cRob Krier
260 _bGustavo Gili
300 _a175 p.
650 _aARQUITECTURA
942 _cBK
999 _c11274
_d11274